| 000 | 00771nam a2200229 a 4500 | ||
|---|---|---|---|
| 999 |
_c3675 _d3675 |
||
| 001 | 3675 | ||
| 003 | BD-JhCC | ||
| 005 | 20171118133444.0 | ||
| 008 | 171116s1989 bg |||| ||a| 001 0 ben d | ||
| 020 | _a9840738361 | ||
| 035 | _a(BD-JhCC)3675 | ||
| 040 |
_aBD-JhCC _dBD-JhCC |
||
| 041 | _aben | ||
| 082 |
_a891.443 _bHAQ 1989 |
||
| 100 | _aহক, মুহম্মদ রেজাউল | ||
| 245 |
_aদ্বিতীয় বিশ্বযুদ্ধোত্তর বাংলা উপন্যাস : _b১৯৪৫-৬০ / _cমুহম্মদ রেজাউল হক |
||
| 260 |
_aঢাকা : _bবাংলা একাডেমী, _c1989. |
||
| 300 |
_a320 p. : _c21 cm. |
||
| 650 | _aHistrical Novel | ||
| 942 |
_2ddc _cBK |
||